Education in France in 1916-1918 / (Record no. 20321)

MARC details
000 -LEADER
fixed length control field 01257cam a22002891a 4500
001 - CONTROL NUMBER
control field e 19000609
003 - CONTROL NUMBER IDENTIFIER
control field DLC
005 - DATE AND TIME OF LATEST TRANSACTION
control field 20260227111210.0
008 - FIXED-LENGTH DATA ELEMENTS--GENERAL INFORMATION
fixed length control field 841029s1919 dcu f000 0 eng c
010 ## - LIBRARY OF CONGRESS CONTROL NUMBER
LC control number e 19000609
035 ## - SYSTEM CONTROL NUMBER
System control number (OCoLC)11321837
040 ## - CATALOGING SOURCE
Original cataloging agency Library, U.S. Bur. of Education
Transcribing agency ABAU
Modifying agency ABAU
-- DLC
042 ## - AUTHENTICATION CODE
Authentication code premarc
050 00 - LIBRARY OF CONGRESS CALL NUMBER
Classification number L111
Item number .A6 1919, no. 43
051 ## - LIBRARY OF CONGRESS COPY, ISSUE, OFFPRINT STATEMENT
Classification number LA692
Item number .K3
100 1# - MAIN ENTRY--PERSONAL NAME
Personal name Kandel, Isaac Leon,
Dates associated with a name 1881-
245 10 - TITLE STATEMENT
Title Education in France in 1916-1918 /
Statement of responsibility, etc. by I.L. Kandel.
260 ## - PUBLICATION, DISTRIBUTION, ETC.
Place of publication, distribution, etc. Washington :
Name of publisher, distributor, etc. G.P.O.,
Date of publication, distribution, etc. 1919.
300 ## - PHYSICAL DESCRIPTION
Extent 19 p. ;
Dimensions 23 cm.
490 1# - SERIES STATEMENT
Series statement Bulletin / Department of the Interior, Bureau of Education ;
Volume/sequential designation 1919, no. 43
500 ## - GENERAL NOTE
General note "Advance sheets from the Biennial survey of education, 1916-1918."
500 ## - GENERAL NOTE
General note Copy 2 of L111.A6 bound with: Bulletin / United States. Bureau of Education, 1919, no. 42-1919, no. 49, subsequent to publication.
501 ## - WITH NOTE
With note Copy 1 of L111.A6 with: Training little children / United States. Bureau of Education. Washington : Govt. Print. Off., 1919. Bound together subsequent to publication.
Institution to which field applies DLC
504 ## - BIBLIOGRAPHY, ETC. NOTE
Bibliography, etc. note Includes bibliographical references.
650 #0 - SUBJECT ADDED ENTRY--TOPICAL TERM
Topical term or geographic name entry element Education
Geographic subdivision France.
830 #0 - SERIES ADDED ENTRY--UNIFORM TITLE
Uniform title Bulletin (United States. Bureau of Education) ;
Volume/sequential designation 1919, no. 43

No items available.

Powered by Koha